| 000 | 00518nam a2200157 a 4500 | ||
|---|---|---|---|
| 001 | 000036229 | ||
| 005 | 20200930074957.0 | ||
| 008 | 120111s1993 cl a 000 0 spa d | ||
| 020 | _a9213213832 | ||
| 040 |
_aDO-SdBNP _bspa _cBNPHU |
||
| 245 | 0 | 3 | _aEl impacto económico y social de las migraciones en centroamerica. |
| 260 |
_aSantiago de Chile : _bNaciones Unidas, _c1993. |
||
| 300 |
_a78 p. : _bil. ; _c22 cm. |
||
| 490 | 1 |
_aEstudios e informes de la CEPAL _v89 |
|
| 830 | 0 |
_aEstudios e informes de la CEPAL _n89 _962305 |
|
| 999 |
_c35720 _d35720 |
||